000
00244nam a2200097Ia 4500
001
964044
005
20250826220219.0
008
250824s9999 xx 000 0 und d
245
0
_a
SARI KEHRİBAR
_c
ERDAL ÇAKICIOĞLU
260
_b
AKVARYUM YAYINLARI
999
_c
964044
_d
964044